| 000 | 00537nam a22001817a 4500 | ||
|---|---|---|---|
| 999 |
_c526420 _d526420 |
||
| 003 | NUST | ||
| 020 | _a- | ||
| 038 | _aZafar Malik | ||
| 082 |
_a891.43101 _bBAL |
||
| 100 |
_aBaloch, Asghar Ali Dr. _917415 |
||
| 245 |
_aFaiz Ki Shairy Mein Punjab Rang \ _cDr. Asghar Ali Baloch |
||
| 260 |
_aFaisalabad : _bMisal Publishers ; _c2011. |
||
| 300 | _a128 p. ; | ||
| 500 | _aHardcover | ||
| 880 |
_6100-02\r _aڈاکٹر اصغر علی بلوچ |
||
| 880 |
_6245-02\r _aفیض کی شاعری میں پنجاب رنگ |
||
| 942 |
_2ddc _cBK |
||